| 000 | 00908nam a2200181Ia 4500 | ||
|---|---|---|---|
| 008 | 090124s9999 xx 000 0 und d | ||
| 082 |
_b27656 _a1642 |
||
| 100 | _aदेशमुख श्री. द. | ||
| 245 | _a स्तोत्रावली (श्रीमत् आद्य शंकराचार्य विरचित) भा. 2 (ठेव योजना) | ||
| 250 | _a0 | ||
| 260 | _c1994 | ||
| 300 | _a320 | ||
| 600 | _aदेशमुख श्री. द. | ||
| 630 | _a स्तोत्रावली (श्रीमत् आद्य शंकराचार्य विरचित) भा. 2 (ठेव योजना) | ||
| 700 | _aदेशमुख श्री. द. | ||
| 730 | _a स्तोत्रावली (श्रीमत् आद्य शंकराचार्य विरचित) भा. 2 (ठेव योजना) | ||
| 942 | _cBOOK | ||
| 999 |
_c141121 _d141121 |
||